Home Print Resources E-Books E-Journals IIMT Lecture Series Library Membership Form Book Recommendation Form Campus Tour Take AdmissionAbout Us Contact Us

LAW OF TORTS (Record no. 66212)

000 -LEADER
fixed length control field 00294nam a22001457a 4500
005 - DATE & TIME
control field 20250912114444.0
008 - FIXED-LENGTH DATA ELEMENTS--GENERAL INFORMATION
fixed length control field 250912b |||||||| |||| 00| 0 eng d
040 ## - CATALOGING SOURCE
Original cataloging agency IIMT University College of Law
100 ## - MAIN ENTRY--PERSONAL NAME
Personal name BANGIA, R K
245 ## - TITLE STATEMENT
Title LAW OF TORTS
260 ## - PUBLICATION, DISTRIBUTION, ETC. (IMPRINT)
Place of publication, distribution, etc ALA
300 ## - PHYSICAL DESCRIPTION
Pages 680
650 ## - Subject
Subject TORTS
942 ## - ADDED ENTRY ELEMENTS (KOHA)
Koha item type Book Bank
952 ## - LOCATION AND ITEM INFORMATION (KOHA)
-- 2025-09-18
-- 2025-09-12
952 ## - LOCATION AND ITEM INFORMATION (KOHA)
-- 2025-09-18
-- 2025-09-12
952 ## - LOCATION AND ITEM INFORMATION (KOHA)
-- 2026-01-31
-- 2025-09-17
-- 2025-09-12
952 ## - LOCATION AND ITEM INFORMATION (KOHA)
-- 2025-09-18
-- 2025-09-12
952 ## - LOCATION AND ITEM INFORMATION (KOHA)
-- 2025-09-18
-- 2025-09-12
952 ## - LOCATION AND ITEM INFORMATION (KOHA)
-- 2025-09-17
-- 2025-09-12
952 ## - LOCATION AND ITEM INFORMATION (KOHA)
-- 2025-09-12
952 ## - LOCATION AND ITEM INFORMATION (KOHA)
-- 2025-09-17
-- 2025-09-12
952 ## - LOCATION AND ITEM INFORMATION (KOHA)
-- 2025-09-18
-- 2025-09-12
952 ## - LOCATION AND ITEM INFORMATION (KOHA)
-- 2025-09-16
-- 2025-09-12
Holdings
Withdrawn status Lost status Source of classification or shelving scheme Damaged status Not for loan Location (home branch) Sublocation or collection (holding branch) Date acquired Source of Acquisition Koha issues (times borrowed) Accession No. Koha date last seen Koha item type
          IIMT University College of Law IIMT University College of Law 09/12/2025 R LALL BOOK 1 04-B-12093 01/28/2026 Book Bank
          IIMT University College of Law IIMT University College of Law 09/12/2025 R LALL BOOK 1 04-B-12094 03/09/2026 Book Bank
          IIMT University College of Law IIMT University College of Law 09/12/2025 R LALL BOOK 1 04-B-12095 09/17/2025 Book Bank
          IIMT University College of Law IIMT University College of Law 09/12/2025 R LALL BOOK 1 04-B-12096 01/30/2026 Book Bank
          IIMT University College of Law IIMT University College of Law 09/12/2025 R LALL BOOK 1 04-B-12097 02/06/2026 Book Bank
          IIMT University College of Law IIMT University College of Law 09/12/2025 R LALL BOOK 1 04-B-12098 01/24/2026 Book Bank
          IIMT University College of Law IIMT University College of Law 09/12/2025 R LALL BOOK   04-B-12099 09/12/2025 Book Bank
          IIMT University College of Law IIMT University College of Law 09/12/2025 R LALL BOOK 1 04-B-12100 02/03/2026 Book Bank
          IIMT University College of Law IIMT University College of Law 09/12/2025 R LALL BOOK 1 04-B-12101 01/28/2026 Book Bank
          IIMT University College of Law IIMT University College of Law 09/12/2025 R LALL BOOK 1 04-B-12102 01/28/2026 Book Bank
IIMT, Central Library. All Rights Reserved IIMT,UNIVERSITY © 2023
Implemented and Customised by I CLOUDE EMS
You Are OPAC Visitor No
free web counter

Powered by Koha